Central Library OPAC University of Rajshahi
Normal view MARC view

Entry Personal Name

Number of records used in: 0

001 - CONTROL NUMBER

  • control field: 11482

003 - CONTROL NUMBER IDENTIFIER

  • control field: BD-RjUL

005 - DATE AND TIME OF LATEST TRANSACTION

  • control field: 20240206101950.0

008 - FIXED-LENGTH DATA ELEMENTS

  • fixed length control field: 240206|| aca||aabn | a|a d

040 ## - CATALOGING SOURCE

  • Original cataloging agency: BD-RjUL
  • Transcribing agency: BD-RjUL

100 ## - HEADING--PERSONAL NAME

  • Personal name: Rādfar, , Abū al-Qāsim رادفر، ابو القاسم

670 ## - SOURCE DATA FOUND

  • Source citation: Work cat.: (BD-RjUL)82968: Rādfar, , Abū al-Qāsim رادفر، ابو القاسم, فرهنگ مقامات حريرى / Farhang-i maqāmāt-i Ḥarīrī /, 1911